000 00932nam a2200277 i 4500
008
020 _a9780521817509(hardback)
040 _aNUST
_cNUST
049 _aMAIN
090 _aQ172.5.C45
_bHOY
100 1 _aHoyle, Rebecca B.,
_aauthor.
245 1 0 _aPattern formation :
_ban introduction to methods /
_cRebecca B. Hoyle
264 1 _aCambridge, United Kingdom :
_bCambridge University Press,
_c2006
300 _ax, 422 pages :
_billustrations (some colour) ;
_c27 cm.
336 _atext
_btxt
_2rdacontent
337 _aunmediated
_bn
_2rdamedia
338 _avolume
_bnc
_2rdacarrier
500 _a Includes index.
504 _aIncludes bibliographical references.
650 0 _aPattern formation (Physical sciences).
650 0 _aNonlinear theories.
907 _a.b10416638
_b29-08-22
_c29-03-22
003
005 20230123141237.0
942 _cBOOKS
_kQ172.5.C45
_mHOY
999 _c170139
_d170139